Catálogo
 En Linea

Edwin Muir : (Registro nro. 17717)

Detalles MARC
000 -CABECERA
campo de control de longitud fija 00881cam a2200277 4500
001 - NÚMERO DE CONTROL
campo de control 000018196
005 - FECHA Y HORA DE LA ÚLTIMA TRANSACCIÓN
campo de control 20200929165410.0
008 - DATOS DE LONGITUD FIJA--INFORMACIÓN GENERAL
campo de control de longitud fija 731001s1966 stk b 000 0beng
015 ## - NÚMERO DE BIBLIOGRAFÍA NACIONAL
Número de bibliografía nacional B66-23537
035 ## - NÚMERO DE CONTROL DEL SISTEMA
Número de control de sistema (DLC) 67076997
040 ## - FUENTE DE LA CATALOGACIÓN
Centro catalogador/agencia de origen DO-SdBNP
Centro/agencia transcriptor DLC
Centro/agencia modificador DLC
-- BNPHU
050 00 - SIGNATURA TOPOGRÁFICA DE LA BIBLIOTECA DEL CONGRESO
Número de clasificación PR6025.U6
Número de documento/Ítem Z58 1966
082 ## - NÚMERO DE LA CLASIFICACIÓN DECIMAL DEWEY
Número de clasificación xxxxx
Número de documento/Ítem B988e
082 00 - NÚMERO DE LA CLASIFICACIÓN DECIMAL DEWEY
Número de clasificación 828/.9/1209
-- B
049 ## - FONDOS LOCALES (OCLC)
Fondos de biblioteca BNGR
100 1# - ENTRADA PRINCIPAL--NOMBRE DE PERSONA
Nombre de persona Butter, Peter H.
9 (RLIN) 39405
245 10 - MENCIÓN DE TÍTULO
Título Edwin Muir :
Resto del título man and poet /
Mención de responsabilidad, etc. P. H. Butter.
260 ## - PUBLICACIÓN, DISTRIBUCIÓN, ETC.
Lugar de publicación, distribución, etc. Edinburgo,
-- Londres, :
Nombre del editor, distribuidor, etc. Oliver & Boyd,
Fecha de publicación, distribución, etc. 1966.
300 ## - DESCRIPCIÓN FÍSICA
Extensión viii, 314 p. ;
Dimensiones 22.5 cm.
490 0# - MENCIÓN DE SERIE
Mención de serie Biography and criticism,
Designación de volumen o secuencia 7
504 ## - NOTA DE BIBLIOGRAFÍA, ETC.
Nota de bibliografía, etc. Incluye bibliografía p. 301-308.
600 10 - PUNTO DE ACCESO ADICIONAL DE MATERIA--NOMBRE DE PERSONA
Nombre de persona Muir, Edwin,
Fechas asociadas al nombre 1887-1959.
9 (RLIN) 39406
650 #0 - PUNTO DE ACCESO ADICIONAL DE MATERIA--TÉRMINO DE MATERIA
Término de materia o nombre geográfico como elemento de entrada Poets, scottish
Subdivisión cronológica 20th century
Subdivisión general Biography.
9 (RLIN) 39407
830 #0 - PUNTO DE ACCESO ADICIONAL DE SERIE-TÍTULO UNIFORME
Título uniforme Biography and criticism,
Número de parte o sección de la obra 7
9 (RLIN) 39408
910 ## - DATOS DE OPCIÓN DEL USUARIO (OCLC)
Datos de opción del usuario Catalogación por copia / LC
Existencias
Estado de retiro Estado de pérdida Restricciones de uso No para préstamo Código de colección Localización permanente Ubicación/localización actual Ubicación en estantería Fecha de adquisición Número de inventario Total de préstamos Signatura topográfica completa Código de barras Fecha visto por última vez Precio válido a partir de Tipo de ítem Koha
      Excluido de préstamo Monografías: Libros y Folletos General General En catalogación 20.04.2010 LF1   xxxxx 828/.9/1209 B B988e 18196-10 25.06.2020 25.06.2020 No se presta

Con tecnología Koha